[Event "WYCC U14 Girls 2019"]
[Site "Mumbai"]
[Date "2019.10.09"]
[Round "8.10"]
[White "Lhotska, Anna"]
[Black "Zavivaeva, Emilia"]
[Result "0-1"]
[WhiteElo "1897"]
[BlackElo "1745"]
[Annotator "NA"]
[PlyCount "90"]
[EventDate "2019.10.02"]
[EventType "swiss"]
[EventCountry "IND"]
[SourceTitle "playchess.com"]
[Source "ChessBase"]
[SourceQuality "1"]
[TimeControl "40/5400+30:1800+30"]

1. Nf3 {[%emt 0:00:00]} Nf6 {[%emt 0:00:00]} 2. c4 {[%emt 0:00:00]} c6 {[%emt 0:00:00]} 3. g3 {[%emt 0:01:52]} d5 {[%emt 0:00:42]} 4. b3 {[%emt 0:00:59]} Bf5 {[%emt 0:06:05]} 5. Bg2 {[%emt 0:00:37]} e6 {[%emt 0:00:06]} 6. O-O {[%emt 0:01:30]} Nbd7 {[%emt 0:00:18]} 7. d3 {[%emt 0:02:58]} Bd6 {[%emt 0:02:20]} 8. Bb2 {[%emt 0:00:53]} O-O {[%emt 0:03:37]} 9. e3 $146 {[%emt 0:09:49] A12: English Opening: 1...c6 with b3 by White} ({Predecessor:} 9. Ba3 Bxa3 10. Nxa3 Qe7 11. Nc2 h6 12. Qc1 e5 13. Qa3 Qe6 14. Ne3 Bh3 15. cxd5 cxd5 16. Qb4 Bxg2 17. Kxg2 {0-1 (30) Klyuner,V (2452)-Khenkin,I (2605) Germany 2015}) 9... e5 {[%emt 0:03:59]} 10. cxd5 {[%emt 0:02:28]} cxd5 {[%emt 0:00:09]} 11. Nc3 {[%emt 0:01:49]} Qe7 {[%emt 0:24:12]} 12. Nh4 {[%emt 0:06:18]} Be6 {[%emt 0:01:07]} 13. Qd2 {[%emt 0:09:54]} Bc5 {[%emt 0:06:01]} 14. d4 {[%emt 0:05:16]} exd4 {[%emt 0:00:59]} 15. exd4 {[%emt 0:00:09]} Bb4 {[%emt 0:00:11]} 16. Rae1 {[%emt 0:05:19]} Qd6 {[%emt 0:01:03]} 17. Qd3 {[%emt 0:04:07]} a6 {[%emt 0:03:31]} 18. Re3 {[%emt 0:06:39]} Rac8 {[%emt 0:01:58]} 19. Nf5 {[%emt 0:05:30]} Qb8 $14 {[%emt 0:06:29]} 20. Rc1 {[%emt 0:02:00]} Rfe8 {[%emt 0:09:44]} 21. a3 {[%emt 0:03:15]} Bf8 {[%emt 0:01:12]} 22. Ree1 {[%emt 0:01:40]} b5 {[%emt 0:01:24]} 23. Ne3 {[%emt 0:01:16]} Nb6 {[%emt 0:00:40]} 24. f4 {[%emt 0:13:18]} Qd6 {[%emt 0:01:54]} 25. f5 {[%emt 0:01:39]} Bd7 {[%emt 0:00:37]} 26. Rf1 {[%emt 0:01:14]} Bc6 {[%emt 0:01:43]} 27. Rf4 {[%emt 0:00:41]} Be7 {[%emt 0:02:19]} 28. Rcf1 {[%emt 0:01:35]} Nfd7 {[%emt 0:02:34]} 29. Ng4 {[%emt 0:02:25]} h5 {[%emt 0:04:26]} 30. Ne3 {[%emt 0:00:54]} Bg5 {[%emt 0:00:18]} 31. R4f3 {[%emt 0:00:13]} Nf6 {[%emt 0:00:44]} 32. Ned1 {[%emt 0:01:26]} Ne4 {[%emt 0:00:39]} 33. Re1 {[%emt 0:04:19]} Nd2 {[%emt 0:04:35]} 34. Rxe8+ {[%emt 0:00:55]} Rxe8 {[%emt 0:00:01]} 35. Rf2 {[%emt 0:00:19]} Re1+ {[%emt 0:00:09]} 36. Bf1 {[%emt 0:00:25]} Nxb3 {[%emt 0:00:15]} 37. Nxb5 {[%emt 0:03:26]} Bxb5 {[%emt 0:00:17]} 38. Qxb3 {[%emt 0:00:08]} Ba4 {[%emt 0:00:15]} 39. Qc3 {[%emt 0:00:48]} Rxd1 {[%emt 0:00:06]} 40. Qf3 {[%emt 0:00:30]} Nc4 {[%emt 0:00:15]} 41. Re2 {[%emt 0:04:43]} Bb5 {[%emt 0:01:08]} 42. Bc3 {[%emt 0:06:18]} Ne3 {[%emt 0:00:29]} 43. Bb4 {[%emt 0:01:02]} Qd7 {[%emt 0:01:51]} 44. Re1 {[%emt 0:02:15]} Rxe1 {[%emt 0:00:48]} 45. Bxe1 {[%emt 0:00:07]} Bxf1 {[%emt 0:00:11]} 0-1

[Event "WYCC U14 Girls 2019"]
[Site "Mumbai"]
[Date "2019.10.09"]
[Round "8.11"]
[White "Sulyok, Eszter"]
[Black "Zhuang, Yongzhe"]
[Result "1-0"]
[WhiteElo "1893"]
[BlackElo "1696"]
[Annotator "NA"]
[PlyCount "113"]
[EventDate "2019.10.02"]
[EventType "swiss"]
[EventCountry "IND"]
[SourceTitle "playchess.com"]
[Source "ChessBase"]
[SourceQuality "1"]
[TimeControl "40/5400+30:1800+30"]

1. c4 e6 2. g3 d5 3. Bg2 c5 4. Nf3 Nc6 5. O-O Nf6 6. cxd5 exd5 7. d4 Be7 8. Nc3 O-O 9. Bg5 cxd4 10. Nxd4 h6 11. Be3 Bg4 12. h3 Be6 13. a3 {D34: Tarrasch Defence: 6 g3 Nf6 7 Bg2 Be7} (13. Rc1 Qd7 14. Nxe6 fxe6 15. f4 Rfd8 16. Bf2 Bb4 17. Qa4 Qe7 18. e4 Bxc3 19. Rxc3 dxe4 20. Bxe4 Nxe4 21. Qxe4 Rd2 {½-½ (76) Thybo,J (2497)-Salem,A (2642) Warsaw 2018}) 13... Qd7 14. Kh2 Rac8 15. f4 $146 ({Predecessor:} 15. Qa4 Rfd8 16. Rad1 Ne5 17. Qxd7 Rxd7 18. Bc1 Nc6 19. Be3 Ne5 20. Bc1 Nc6 21. Be3 Ne5 {½-½ (21) Janssen,G (2160)-Dambacher,M (2313) Heerlen 1999}) 15... Rfe8 16. Qd3 Nxd4 17. Bxd4 Bf5 18. Qd1 a6 19. Qb3 $11 Rcd8 20. Rad1 Be6 21. Bxf6 Bxf6 22. Nxd5 Bxd5 23. Rxd5 Qe7 24. e4 Rxd5 25. exd5 b5 26. Rd1 Qe2 27. d6 Bxb2 28. Qd5 Bxa3 29. Qc6 Rd8 30. Qc7 Rxd6 31. Rxd6 Bxd6 32. Qxd6 a5 33. Qd8+ Kh7 34. Qxa5 Qb2 35. Qe1 g6 36. Qe8 Qb3 37. Bf1 b4 38. Qe7 Qb2+ 39. Qe2 Qc3 40. Qc4 Qd2+ 41. Be2 Kg7 42. Qd3 Qe1 43. Kg2 b3 44. Qd4+ Kh7 45. Bc4 Qb4 46. Qd5 Qe7 47. Qxf7+ Qxf7 48. Bxf7 b2 49. Ba2 Kg7 50. Kf3 Kf6 51. Bb1 g5 52. f5 h5 53. g4 h4 54. Ke4 Kf7 55. Ke5 Ke7 56. f6+ Kf7 57. Ke4 1-0

[Event "WYCC U14 Girls 2019"]
[Site "Mumbai"]
[Date "2019.10.09"]
[Round "8.12"]
[White "Obada, Ema"]
[Black "Chinnam Vyshnavi"]
[Result "1-0"]
[WhiteElo "1987"]
[BlackElo "1745"]
[Annotator "NA RC"]
[PlyCount "45"]
[EventDate "2019.10.02"]
[EventType "swiss"]
[EventCountry "IND"]
[SourceTitle "playchess.com"]
[Source "ChessBase"]
[SourceQuality "1"]
[TimeControl "40/5400+30:1800+30"]

1. e4 {[%emt 0:00:00]} e6 {[%emt 0:00:00]} 2. d4 {[%emt 0:00:00]} d5 {[%emt 0:00:00]} 3. exd5 {[%emt 0:00:49]} exd5 {[%emt 0:00:00]} 4. Nc3 {[%emt 0:00:08]} Nf6 {[%emt 0:00:34]} 5. Bd3 {[%emt 0:02:15]} c5 {[%emt 0:02:30]} 6. Bb5+ {[%emt 0:02:33]} Bd7 $11 {[%emt 0:02:38]} 7. Bxd7+ {[%emt 0:03:13]} Nbxd7 {[%emt 0:01:52]} 8. Nf3 {[%emt 0:00:42]} Qe7+ {[%emt 0:08:42]} 9. Be3 {[%emt 0:01:54]} c4 {[%emt 0:05:35]} 10. O-O {[%emt 0:00:41]} O-O-O {[%emt 0:03:26]} 11. Bf4 {[%emt 0:03:10]} Qb4 {[%emt 0:09:54]} 12. Ng5 {[%emt 0:07:01]} Qxb2 {[%emt 0:03:57]} 13. Qf3 {[%emt 0:06:20]} a6 {[%emt 0:04:13]} 14. Nxf7 {[%emt 0:13:33]} Bb4 {[%emt 0:01:02]} 15. Nxd5 {[%emt 0:00:31]} Nxd5 {[%emt 0:06:11]} 16. Qxd5 {[%emt 0:00:06]} Qc3 {[%emt 0:00:28]} 17. a3 {[%emt 0:02:00]} Be7 {[%emt 0:05:34]} 18. Rab1 {[%emt 0:00:58]} Nc5 {[%emt 0:01:35]} 19. Qf5+ {[%emt 0:00:05]} Rd7 {[%emt 0:02:13]} 20. dxc5 {[%emt 0:00:25]} g6 {[%emt 0:01:06]} 21. Qe6 {[%emt 0:00:57]} Bxc5 {[%emt 0:00:39]} 22. Qc6+ bxc6 {[%emt 0:01:50]} 23. Rb8# {[%emt 0:00:30]} 1-0

[Event "WYCC U14 Girls 2019"]
[Site "Mumbai"]
[Date "2019.10.10"]
[Round "9.1"]
[White "Roebers, Eline"]
[Black "Nasyrova, Ekaterina"]
[Result "1-0"]
[WhiteElo "2083"]
[BlackElo "2137"]
[Annotator "NA"]
[PlyCount "97"]
[EventDate "2019.10.02"]
[EventType "swiss"]
[EventCountry "IND"]
[SourceTitle "playchess.com"]
[Source "ChessBase"]
[SourceQuality "1"]
[TimeControl "40/5400+30:1800+30"]

1. e4 {[%emt 0:00:00]} e5 {[%emt 0:00:00]} 2. Nf3 {[%emt 0:00:00]} Nc6 {[%emt 0:00:00]} 3. d4 {[%emt 0:00:09]} exd4 {[%emt 0:00:00]} 4. Nxd4 {[%emt 0:00:05]} Bb4+ {[%emt 0:00:00]} 5. c3 {[%emt 0:00:32]} Bc5 {[%emt 0:00:03]} 6. Be3 {[%emt 0:00:21]} Bb6 {[%emt 0:00:07]} 7. Nf5 {[%emt 0:00:38]} g6 {[%emt 0:00:07]} 8. Bxb6 {[%emt 0:00:06]} axb6 {[%emt 0:00:06]} 9. Ne3 {[%emt 0:00:06]} Nf6 {[%emt 0:00:09]} 10. f3 {[%emt 0:01:07]} d6 {[%emt 0:00:13]} 11. c4 {[%emt 0:01:08]} Nh5 {[%emt 0:00:16]} 12. g3 {[%emt 0:02:08]} f5 {[%emt 0:28:57]} 13. exf5 {[%emt 0:02:39]} Qe7 {[%emt 0:00:27]} 14. Kf2 {[%emt 0:08:00]} O-O {[%emt 0:08:51]} 15. fxg6 {[%emt 0:12:41]} hxg6 {[%emt 0:00:08]} 16. Bg2 {[%emt 0:03:07]} Ne5 {[%emt 0:03:19]} 17. Re1 {[%emt 0:07:24]} Qf7 {[%emt 0:05:46]} 18. Nc3 {[%emt 0:05:33]} Be6 {[%emt 0:11:07]} 19. b3 {[%emt 0:09:13]} g5 {[%emt 0:00:53]} 20. Ne4 {[%emt 0:11:07]} Qg6 {[%emt 0:01:08]} 21. Kg1 {[%emt 0:01:48]} Rf7 {[%emt 0:07:04]} 22. Nd5 {[%emt 0:11:02]} g4 {[%emt 0:09:29]} 23. f4 {[%emt 0:03:32]} Nf3+ {[%emt 0:00:13]} 24. Bxf3 {[%emt 0:04:37]} gxf3 {[%emt 0:00:06]} 25. Ng5 {[%emt 0:04:52]} f2+ {[%emt 0:03:27]} 26. Kxf2 {[%emt 0:00:04]} Qxg5 {[%emt 0:00:06]} 27. Rxe6 {[%emt 0:01:27]} Raf8 {[%emt 0:01:11]} 28. Qf3 {[%emt 0:07:12]} c6 {[%emt 0:05:25]} 29. h4 {[%emt 0:01:45]} Qf5 {[%emt 0:08:34]} 30. Ne7+ {[%emt 0:00:21]} Rxe7 {[%emt 0:00:04]} 31. Rxe7 {[%emt 0:00:04]} Nf6 {[%emt 0:00:13]} 32. Rae1 {[%emt 0:01:38]} b5 {[%emt 0:01:22]} 33. Rxb7 {[%emt 0:01:20]} bxc4 {[%emt 0:00:23]} 34. bxc4 {[%emt 0:00:24]} Qc5+ {[%emt 0:00:06]} 35. Kg2 {[%emt 0:00:28]} Qxc4 {[%emt 0:00:07]} 36. Qb3 {[%emt 0:00:26]} Qxb3 {[%emt 0:00:57]} 37. axb3 {[%emt 0:00:06]} c5 {[%emt 0:00:05]} 38. Kf3 {[%emt 0:00:54]} d5 {[%emt 0:00:38]} 39. Rb5 {[%emt 0:00:44]} Rc8 {[%emt 0:00:15]} 40. Rc1 {[%emt 0:00:27]} Ne4 {[%emt 0:01:26]} 41. b4 {[%emt 0:30:43]} Ra8 {[%emt 0:32:41]} 42. bxc5 {[%emt 0:00:21]} Ra3+ {[%emt 0:00:04]} 43. Kg2 {[%emt 0:00:39]} Rxg3+ {[%emt 0:03:53]} 44. Kh2 {[%emt 0:00:06]} Rg4 {[%emt 0:00:00]} 45. Rg1 {[%emt 0:00:00]} Rxg1 {[%emt 0:00:00]} 46. Kxg1 {[%emt 0:00:00]} Kf7 {[%emt 0:00:00]} 47. c6 {[%emt 0:00:00]} Ke6 {[%emt 0:00:00]} 48. c7 {[%emt 0:00:00]} Nd6 {[%emt 0:00:00]} 49. Rb6 {[%emt 0:00:00]} 1-0

[Event "WYCC U14 Girls 2019"]
[Site "Mumbai"]
[Date "2019.10.10"]
[Round "9.2"]
[White "Allahverdiyeva, Ayan"]
[Black "Rakshitta Ravi"]
[Result "1-0"]
[WhiteElo "2160"]
[BlackElo "2310"]
[Annotator "ChessBase"]
[PlyCount "61"]
[EventDate "2019.10.02"]
[EventType "swiss"]
[EventCountry "IND"]
[SourceTitle "playchess.com"]
[Source "ChessBase"]
[SourceQuality "1"]
[TimeControl "40/5400+30:1800+30"]

1. e4 {[%emt 0:00:55]} e5 {[%emt 0:00:12]} 2. Nf3 {[%emt 0:00:09]} Nc6 {[%emt 0:00:06]} 3. Bb5 {[%emt 0:00:37]} a6 {[%emt 0:00:06]} 4. Ba4 {[%emt 0:00:07]} g6 {[%emt 0:00:07]} 5. O-O {[%emt 0:00:43]} Bg7 {[%emt 0:00:16]} 6. c3 {[%emt 0:00:12]} Nge7 {[%emt 0:00:38]} 7. d4 {[%emt 0:00:19]} exd4 {[%emt 0:00:20]} 8. cxd4 {[%emt 0:00:23]} O-O {[%emt 0:00:09]} 9. Nc3 {[%emt 0:01:04]} b5 {[%emt 0:00:27]} 10. Bb3 {[%emt 0:04:42]} Na5 {[%emt 0:02:48]} 11. Bc2 {[%emt 0:01:34]} d6 {[%emt 0:00:05]} 12. h3 {[%emt 0:01:45]} h6 {[%emt 0:03:49]} 13. Re1 {[%emt 0:01:07]} c5 {[%emt 0:00:34]} 14. Bf4 {[%emt 0:05:10]} Nc4 {[%emt 0:06:18]} 15. b3 {[%emt 0:01:06]} Na3 {[%emt 0:13:13]} 16. Bd3 {[%emt 0:03:26]} b4 {[%emt 0:12:04]} 17. Ne2 {[%emt 0:04:05]} Nc6 {[%emt 0:01:49]} 18. Rc1 {[%emt 0:02:22]} Qe7 {[%emt 0:11:11]} 19. Qd2 {[%emt 0:17:57]} g5 {[%emt 0:12:37]} 20. Be3 {[%emt 0:01:54]} g4 {[%emt 0:00:53]} 21. hxg4 {[%emt 0:02:28]} Bxg4 {[%emt 0:00:24]} 22. Nh2 {[%emt 0:03:00]} Bxe2 {[%emt 0:01:50]} 23. Rxe2 {[%emt 0:00:16]} Nxd4 {[%emt 0:01:57]} 24. Bxd4 {[%emt 0:00:09]} Bxd4 {[%emt 0:00:48]} 25. Ng4 {[%emt 0:00:58]} Qe6 {[%emt 0:08:39]} 26. Nxh6+ {[%emt 0:01:13]} Kh8 {[%emt 0:00:12]} 27. Ng4 {[%emt 0:00:00]} Kg8 28. Nh6+ {[%emt 0:01:00]} Kh8 {[%emt 0:01:00]} 29. e5 {[%emt 0:03:13]} dxe5 {[%emt 0:03:54]} 30. Qg5 {[%emt 0:00:54]} Rg8 {[%emt 0:12:16]} 31. Nxf7+ {[%emt 0:00:09]} 1-0

[Event "WYCC U14 Girls 2019"]
[Site "Mumbai"]
[Date "2019.10.10"]
[Round "9.3"]
[White "Mungunzul, Bat-Erdene"]
[Black "Hakobyan, Astghik"]
[Result "1-0"]
[WhiteElo "1912"]
[BlackElo "1978"]
[Annotator "NA"]
[PlyCount "73"]
[EventDate "2019.10.02"]
[EventType "swiss"]
[EventCountry "IND"]
[SourceTitle "playchess.com"]
[Source "ChessBase"]
[SourceQuality "1"]
[TimeControl "40/5400+30:1800+30"]

1. d4 {[%emt 0:00:00]} Nf6 {[%emt 0:00:00]} 2. Nf3 {[%emt 0:00:00]} e6 {[%emt 0:00:00]} 3. Bf4 {[%emt 0:00:00]} b6 {[%emt 0:00:27]} 4. e3 {[%emt 0:00:17]} Bb7 {[%emt 0:00:11]} 5. Bd3 {[%emt 0:00:22]} Be7 {[%emt 0:00:39]} 6. h3 {[%emt 0:00:22]} c5 {[%emt 0:00:42]} 7. c3 {[%emt 0:00:59]} Nc6 {[%emt 0:02:35]} 8. Nbd2 {[%emt 0:03:19]} d6 {[%emt 0:02:00]} 9. Qe2 {[%emt 0:02:49]} cxd4 {[%emt 0:07:49]} 10. exd4 {[%emt 0:00:32]} Qd7 {[%emt 0:01:28]} 11. Bh2 {[%emt 0:08:14]} O-O {[%emt 0:01:49]} 12. O-O {[%emt 0:04:54]} Rfe8 {[%emt 0:02:18]} 13. Rad1 {[%emt 0:05:31]} Bf8 {[%emt 0:01:20]} 14. Rfe1 {[%emt 0:01:50]} a6 {[%emt 0:08:25]} 15. Ng5 {[%emt 0:15:09]} Ne7 {[%emt 0:09:34]} 16. Nc4 {[%emt 0:05:47]} Ned5 17. Ne4 {[%emt 0:03:58]} Nxe4 {[%emt 0:08:15]} 18. Bxe4 {[%emt 0:00:13]} Qc7 {[%emt 0:09:06]} 19. Qd3 {[%emt 0:04:47]} f5 {[%emt 0:03:12]} 20. Bf3 {[%emt 0:00:41]} g6 {[%emt 0:09:58]} 21. Re2 {[%emt 0:02:37]} b5 {[%emt 0:00:47]} 22. Nd2 {[%emt 0:00:58]} Nf6 {[%emt 0:04:00]} 23. Rde1 {[%emt 0:00:29]} Kf7 {[%emt 0:01:23]} 24. Bf4 {[%emt 0:03:50]} Rad8 {[%emt 0:04:52]} 25. Qc2 {[%emt 0:08:34]} h6 {[%emt 0:03:07]} 26. h4 {[%emt 0:00:51]} Bxf3 {[%emt 0:01:24]} 27. Nxf3 {[%emt 0:00:42]} Ne4 {[%emt 0:03:29]} 28. Qc1 {[%emt 0:02:27]} e5 {[%emt 0:11:31]} 29. Bxh6 {[%emt 0:02:17]} Bxh6 {[%emt 0:00:32]} 30. Qxh6 {[%emt 0:00:10]} Rh8 {[%emt 0:00:01]} 31. Qe3 {[%emt 0:00:57]} Qe7 {[%emt 0:02:27]} 32. g3 {[%emt 0:01:44]} Kg7 {[%emt 0:00:45]} 33. Rd1 {[%emt 0:03:44]} Rhe8 {[%emt 0:01:08]} 34. Ree1 {[%emt 0:01:11]} Kh7 {[%emt 0:01:05]} 35. Rd3 {[%emt 0:01:02]} Qf7 {[%emt 0:00:36]} 36. dxe5 {[%emt 0:01:42]} Nc5 {[%emt 0:00:29]} 37. Ng5+ {[%emt 0:00:09]} 1-0

[Event "WYCC U14 Girls 2019"]
[Site "Mumbai"]
[Date "2019.10.10"]
[Round "9.4"]
[White "Kamalidenova, Meruert"]
[Black "Velpula Sarayu"]
[Result "1-0"]
[WhiteElo "2025"]
[BlackElo "1717"]
[Annotator "NA"]
[PlyCount "95"]
[EventDate "2019.10.02"]
[EventType "swiss"]
[EventCountry "IND"]
[SourceTitle "playchess.com"]
[Source "ChessBase"]
[SourceQuality "1"]
[TimeControl "40/5400+30:1800+30"]

1. e4 {[%emt 0:00:00]} c5 {[%emt 0:00:14]} 2. Nf3 {[%emt 0:00:00]} g6 {[%emt 0:00:45]} 3. c4 {[%emt 0:00:01]} Nc6 {[%emt 0:00:53]} 4. d4 {[%emt 0:00:21]} cxd4 {[%emt 0:00:39]} 5. Nxd4 {[%emt 0:00:10]} Nf6 {[%emt 0:00:34]} 6. Nc3 {[%emt 0:00:11]} d6 {[%emt 0:00:58]} 7. Be2 {[%emt 0:00:25]} Nxd4 {[%emt 0:01:00]} 8. Qxd4 Bg7 {[%emt 0:00:41]} 9. Be3 {[%emt 0:00:42]} O-O {[%emt 0:00:48]} 10. Qd2 {[%emt 0:00:21]} a5 {[%emt 0:00:47]} 11. O-O {[%emt 0:04:44]} a4 {[%emt 0:02:00]} 12. Rad1 {[%emt 0:01:37]} Qa5 {[%emt 0:04:59]} 13. f3 {[%emt 0:03:48]} Be6 {[%emt 0:01:57]} 14. Nb5 {[%emt 0:04:56]} Qxd2 {[%emt 0:14:41]} 15. Rxd2 {[%emt 0:02:02]} Rfc8 {[%emt 0:03:55]} 16. b3 {[%emt 0:04:26]} axb3 {[%emt 0:05:14]} 17. axb3 {[%emt 0:01:07]} Ne8 {[%emt 0:01:26]} 18. f4 {[%emt 0:05:04]} Bd7 {[%emt 0:09:02]} 19. Na7 {[%emt 0:05:23]} Rcb8 {[%emt 0:00:41]} 20. Bb6 {[%emt 0:01:08]} Bc6 {[%emt 0:04:10]} 21. Bf3 {[%emt 0:02:25]} Bh6 {[%emt 0:06:22]} 22. g3 {[%emt 0:03:34]} g5 {[%emt 0:01:32]} 23. Bh1 {[%emt 0:02:04]} gxf4 {[%emt 0:02:32]} 24. gxf4 {[%emt 0:01:01]} Nf6 {[%emt 0:00:45]} 25. Bc7 {[%emt 0:03:15]} Bxe4 {[%emt 0:11:20]} 26. Bxb8 {[%emt 0:03:51]} Rxb8 {[%emt 0:00:18]} 27. Nb5 {[%emt 0:03:16]} Bxh1 {[%emt 0:03:39]} 28. Kxh1 {[%emt 0:00:22]} Ne4 {[%emt 0:00:03]} 29. Re2 {[%emt 0:01:49]} f5 {[%emt 0:02:22]} 30. Nd4 {[%emt 0:01:55]} Rf8 {[%emt 0:01:59]} 31. Nxf5 {[%emt 0:02:50]} Rxf5 {[%emt 0:00:18]} 32. Rxe4 {[%emt 0:00:06]} Kf7 {[%emt 0:00:12]} 33. Rfe1 {[%emt 0:01:03]} Bf8 {[%emt 0:00:07]} 34. Ra1 {[%emt 0:01:41]} Rc5 {[%emt 0:01:21]} 35. b4 {[%emt 0:02:12]} Rc7 {[%emt 0:00:06]} 36. Ra5 {[%emt 0:00:48]} e6 {[%emt 0:00:45]} 37. Kg2 {[%emt 0:01:58]} Kf6 {[%emt 0:00:43]} 38. Kf3 {[%emt 0:01:15]} Be7 {[%emt 0:01:53]} 39. Ke2 {[%emt 0:03:30]} Rd7 {[%emt 0:00:31]} 40. Rh5 {[%emt 0:02:32]} Bf8 {[%emt 0:02:12]} 41. Kd3 {[%emt 0:32:44]} Rc7 {[%emt 0:30:49]} 42. Rb5 {[%emt 0:01:52]} Kf7 {[%emt 0:00:54]} 43. Re2 {[%emt 0:01:24]} Ke7 {[%emt 0:02:32]} 44. Rb6 {[%emt 0:10:04]} Kd7 {[%emt 0:00:49]} 45. Ra2 {[%emt 0:01:08]} Bg7 {[%emt 0:00:27]} 46. Ra7 {[%emt 0:02:09]} Kc8 {[%emt 0:00:06]} 47. Rxd6 {[%emt 0:01:00]} Kb8 {[%emt 0:00:05]} 48. Ra2 {[%emt 0:00:31]} 1-0

[Event "WYCC U14 Girls 2019"]
[Site "Mumbai"]
[Date "2019.10.10"]
[Round "9.5"]
[White "Divya Deshmukh"]
[Black "Poliakova, Varvara"]
[Result "1-0"]
[WhiteElo "2358"]
[BlackElo "2042"]
[Annotator "NA"]
[PlyCount "79"]
[EventDate "2019.10.02"]
[EventType "swiss"]
[EventCountry "IND"]
[SourceTitle "playchess.com"]
[Source "ChessBase"]
[SourceQuality "1"]
[TimeControl "40/5400+30:1800+30"]

1. d4 Nf6 2. Bg5 e6 3. e4 h6 4. Bxf6 Qxf6 5. Nf3 d6 6. Nc3 g6 7. Qd2 a6 8. O-O-O Bg7 9. e5 {A46: 1 d4 Nf6 2 Nf3 e6: Torre, London and Colle Systems} Qd8 $146 ({Predecessor:} 9... Qe7 10. Qf4 d5 11. h4 Nd7 12. Bd3 b6 13. Ne2 Bb7 14. Kb1 c5 15. c3 c4 16. Bc2 b5 {1-0 (54) Savchenko,V (2414)-Zude,A (2461) Germany 2009}) 10. Qf4 d5 11. Bd3 b5 12. Qg3 Qe7 13. Ne2 c5 14. dxc5 Nc6 15. Ned4 Qxc5 16. Bxg6 fxg6 17. Qxg6+ Kf8 18. Nxc6 Qxc6 19. Rd4 Qd7 20. Rf4+ Kg8 21. h4 Qe7 22. h5 Bd7 $17 23. Qg3 Rf8 24. Rg4 Be8 25. Nd4 Rh7 26. f4 Rf5 27. Nxf5 exf5 28. Rgh4 Kh8 29. Qd3 Qe6 30. Rd1 Bc6 31. Qa3 Kg8 32. Rh3 Bf8 33. Rg3+ Rg7 34. Rxg7+ Kxg7 35. Qxa6 Bd7 36. Qa7 Be7 37. Qd4 Bc6 38. Rd3 Kh7 39. a3 Qg8 40. Qa7 1-0

[Event "WYCC U14 Girls 2019"]
[Site "Mumbai"]
[Date "2019.10.10"]
[Round "9.6"]
[White "Zavivaeva, Emilia"]
[Black "Wikar, Martyna"]
[Result "0-1"]
[WhiteElo "1745"]
[BlackElo "1969"]
[Annotator "NA"]
[PlyCount "82"]
[EventDate "2019.10.02"]
[EventType "swiss"]
[EventCountry "IND"]
[SourceTitle "playchess.com"]
[Source "ChessBase"]
[SourceQuality "1"]
[TimeControl "40/5400+30:1800+30"]

1. e4 {[%emt 0:00:00]} c5 {[%emt 0:00:00]} 2. Nf3 {[%emt 0:00:01]} Nc6 {[%emt 0:00:00]} 3. d4 {[%emt 0:00:11]} cxd4 {[%emt 0:00:10]} 4. Nxd4 {[%emt 0:00:19]} Nf6 {[%emt 0:00:12]} 5. Nc3 {[%emt 0:00:09]} e5 {[%emt 0:00:13]} 6. Ndb5 {[%emt 0:00:13]} d6 {[%emt 0:00:13]} 7. Bg5 {[%emt 0:00:28]} a6 {[%emt 0:00:20]} 8. Na3 {[%emt 0:00:53]} b5 {[%emt 0:00:23]} 9. Bxf6 {[%emt 0:00:19]} gxf6 {[%emt 0:00:16]} 10. Nd5 {[%emt 0:00:30]} Bg7 {[%emt 0:00:17]} 11. c3 {[%emt 0:03:06]} Rb8 {[%emt 0:01:24]} 12. Nc2 {[%emt 0:00:39]} O-O {[%emt 0:03:52]} 13. g3 {[%emt 0:03:33]} Ne7 {[%emt 0:01:06]} 14. Ncb4 {[%emt 0:02:17]} Bb7 {[%emt 0:02:20]} 15. Bg2 {[%emt 0:01:55]} a5 {[%emt 0:07:45]} 16. Nxe7+ {[%emt 0:01:53]} Qxe7 {[%emt 0:00:02]} 17. Nd5 {[%emt 0:00:17]} Bxd5 {[%emt 0:02:04]} 18. Qxd5 {[%emt 0:00:34]} Rfc8 {[%emt 0:05:22]} 19. Rd1 {[%emt 0:05:04]} Bf8 {[%emt 0:01:05]} 20. O-O {[%emt 0:00:41]} Rc5 {[%emt 0:00:27]} 21. Qd2 {[%emt 0:00:11]} b4 {[%emt 0:02:24]} 22. cxb4 {[%emt 0:00:45]} Rxb4 {[%emt 0:00:24]} 23. b3 {[%emt 0:00:57]} f5 {[%emt 0:05:24]} 24. exf5 {[%emt 0:08:55]} d5 {[%emt 0:01:29]} 25. Rfe1 {[%emt 0:02:19]} Qf6 {[%emt 0:06:26]} 26. Qe3 {[%emt 0:03:49]} e4 {[%emt 0:04:17]} 27. Qf4 {[%emt 0:01:40]} h5 {[%emt 0:02:06]} 28. Qe3 {[%emt 0:05:42]} Qxf5 {[%emt 0:05:43]} 29. f3 {[%emt 0:03:29]} Rc2 {[%emt 0:07:37]} 30. fxe4 {[%emt 0:04:20]} dxe4 {[%emt 0:02:30]} 31. Rd8 {[%emt 0:05:25]} Kg7 {[%emt 0:06:29]} 32. Rdd1 {[%emt 0:00:00]} Kg8 {[%emt 0:00:00]} 33. Rd8 {[%emt 0:01:00]} Kg7 {[%emt 0:01:00]} 34. Rxf8 {[%emt 0:12:04]} Kxf8 {[%emt 0:01:25]} 35. a3 {[%emt 0:00:30]} Rxb3 {[%emt 0:03:16]} 36. Qd4 {[%emt 0:04:10]} Qc5 {[%emt 0:01:24]} 37. Rxe4 {[%emt 0:02:43]} Qxd4+ {[%emt 0:00:26]} 38. Rxd4 {[%emt 0:00:13]} Rxa3 {[%emt 0:00:25]} 39. Rd5 {[%emt 0:01:49]} Ra1+ {[%emt 0:00:09]} 40. Bf1 {[%emt 0:00:06]} Rcc1 {[%emt 0:00:05]} 41. Rf5 {[%emt 0:30:07]} Rxf1+ {[%emt 0:30:42]} 0-1

[Event "WYCC U14 Girls 2019"]
[Site "Mumbai"]
[Date "2019.10.10"]
[Round "9.7"]
[White "Dhyana Patel"]
[Black "Sulyok, Eszter"]
[Result "1-0"]
[WhiteElo "1995"]
[BlackElo "1893"]
[Annotator "NA"]
[PlyCount "45"]
[EventDate "2019.10.02"]
[EventType "swiss"]
[EventCountry "IND"]
[SourceTitle "playchess.com"]
[Source "ChessBase"]
[SourceQuality "1"]
[TimeControl "40/5400+30:1800+30"]

1. e4 c5 2. Nf3 e6 3. d4 cxd4 4. Nxd4 a6 5. Bd3 Nf6 6. O-O Qc7 7. Qe2 d6 8. f4 Nbd7 9. c4 g6 10. f5 e5 11. Nb3 Bg7 12. Nc3 O-O 13. g4 Nb6 14. g5 Nh5 15. f6 Bh8 16. Be3 h6 17. Qf2 Nd7 18. Nd5 Qd8 19. Be2 Nf4 20. Bxf4 exf4 21. Ne7+ Kh7 22. Qh4 h5 23. Bxh5 1-0